| 000 | 004440000a22001810004500 | ||
|---|---|---|---|
| 003 | MACL | ||
| 005 | 20160122151914.0 | ||
| 008 | 160122b xxu||||| |||| 00| 0 eng d | ||
| 040 |
_aMACL _cMACL |
||
| 041 | _aEnglish | ||
| 082 | _a721.044/PAN | ||
| 100 |
_aPandit, G S _934107 |
||
| 245 | _aPrestressed Concrete | ||
| 260 |
_bCBS Publishers _c1995 _aNew Delhi |
||
| 350 | _a110 | ||
| 650 |
_aArchitecture _9259 |
||
| 942 |
_cBK _k721.044/pan _2ddc |
||
| 999 |
_c31776 _d31776 |
||